Theoretical analysis of some indices of similarity as applied to biogeography (Registro nro. 13755)

Detalles MARC
000 -CABECERA
Campo de control 003650000a22001210004500
090 ## - CLASIFICACIÓN LOCAL
Colección AR
Consecutivo 04655
041 0# - IDIOMA
Código de idioma para texto/pista de sonido o título separado
100 1# - ASIENTO PRINCIPAL--NOMBRE PERSONAL
Nombre personal Sánchez, Oscar
245 10 - MENCION DE TITULO
Título Theoretical analysis of some indices of similarity as applied to biogeography
700 1# - ASIENTO SECUNDARIO - NOMBRE PERSONAL
Nombre personal López, Gerardo
773 1# - Item fuente:
Título Folia Entomologica Mexicana
Descripción física 75
Paginas del Articulo 119-149
Lugar, editorial y fecha de publicación 1988
942 ## - ELEMENTOS ADICIONALES (KOHA)
Tipo de ítem Artículo
Existencias
Withdrawn status Lost status Damaged status No para préstamo Colección Ubicación Permanente Ubicación actual Fecha de adquisición Fuente de Valor Datos de publicación Seriada Total Checkouts Número topográfico Inventario / Código de Barras Date last seen Ejemplar Price effective from Forma de adquisición Tipo de material
      No para Préstamo Hemeroteca Bogotá Bogotá 16/04/2010 Escobar Sarria, Federico Fuera de circulación   AR 04655 028012 25/03/2015 1 25/03/2015   Artículo